A dictionary of banking
Αποθηκεύτηκε σε:
| Κύριος συγγραφέας: | |
|---|---|
| Συγγραφή απο Οργανισμό/Αρχή: | |
| Μορφή: | Βιβλίο |
| Γλώσσα: | English |
| Δημοσίευση: |
Plymouth : Philadelphia, Pa. :
Macdonald and Evans, Distributed exclusively by International Ideas,
1983.
|
| Έκδοση: | 2nd ed. |
| Σειρά: | M & E professional dictionaries
|
| Θέματα: | |
| Ετικέτες: |
Προσθήκη ετικέτας
Δεν υπάρχουν, Καταχωρήστε ετικέτα πρώτοι!
|
MARC
| LEADER | 00000cam a2200000 i 4500 | ||
|---|---|---|---|
| 001 | 1/35579 | ||
| 008 | 950811s1983 enk| ||| |||| ||eng|| | ||
| 020 | |a 0712104372 |c Ή6.95 |q (χαρτόδετο) | ||
| 020 | |a 0712104321 |q (σκληρό εξώφυλλο) | ||
| 035 | |l 10024324 | ||
| 040 | |a GR-MyUa |b gre |e AACR2 | ||
| 041 | 0 | |a eng | |
| 082 | 7 | |a 332.10321 |2 (19) | |
| 100 | 1 | |a Perry, F. E |q (Frank Ernest) | |
| 245 | 1 | 2 | |a A dictionary of banking / |c F.E. Perry. |
| 250 | |a 2nd ed. | ||
| 260 | |a Plymouth : |a Philadelphia, Pa. : |b Macdonald and Evans, |b Distributed exclusively by International Ideas, |c 1983. | ||
| 300 | |a 385 σ. ; |c 22 εκ. | ||
| 490 | 1 | |a (M & E professional dictionaries) | |
| 500 | |a Distributor stamped on t.p | ||
| 500 | |a Contains: Uniform customs and practice for documentary credits and Uniform rules for collections. | ||
| 650 | 0 | |a Banks and banking |x Dictionaries. | |
| 710 | 2 | |a International Chamber of Commerce. |t Uniforms customs and practice for documentary credits. | |
| 830 | 0 | |a M & E professional dictionaries | |
| 852 | |a INST |b CHIOS |e 19950811 |h 332.10321 PER |p 005200001177 |q 005200001177 |t REF |y 23 | ||
| 909 | |a Χ |b 002128 | ||